Hospodárenie a financovanie obce (Gabčíkovo) bakalárska práca

Guardado en:
Detalles Bibliográficos
Autor principal: Csóková, Vivien
Autor Corporativo: Národohospodárska fakulta EU. Katedra financií
Otros Autores: Beličková, Kornélia, 1966-
Formato: Libro
Lenguaje:eslovaco
Publicado: Bratislava 2016
Etiquetas: Agregar Etiqueta
Sin Etiquetas, Sea el primero en etiquetar este registro!

MARC

LEADER 00000nbm a2200000 4500
001 0219686
005 20161221093325.6
041 0 |a slo 
044 |a SK 
245 1 0 |a Hospodárenie a financovanie obce (Gabčíkovo)  |b bakalárska práca  |c Vivien Csóková ; školiteľ: Kornélia Beličková 
264 1 |a Bratislava  |c 2016 
300 |a 55 s. 
100 1 |a Csóková, Vivien 
700 1 |a Beličková, Kornélia, 1966- 
710 2 |a Národohospodárska fakulta EU. Katedra financií